000 01109cab a2200217 4500
001 ##L135713
008 061128n2006 000 0 eng u
035 _a(Sirsi) u135713
041 0 _aeng
100 1 _aMann, Will
245 0 0 _aSpecial report
_boffsite construction
260 _c2006
490 0 _aContract Journal
_v435(6599) 1 November 2006, 20-28(6)
520 _aA series of four articles examining the recent use of offsite construction. "Contractors lead the way" presents results from "Contract Journal's" first offsite survey and reveals that contractors rather than clients or architects, are taking the lead in encouraging the use of offsite technology. "Graduating with honours" examines the supply of precast bedrooms for student accommodation. "M&E takes the lead" discusses the popularity of offsite construction for M and E contractors. "Steel goes to ground" looks at prefabricated stainless steel house foundations.
590 _aKA
651 4 _aUnited Kingdom
_y
690 _aConstruction management
_96230
700 1 _aHoward, Paul
700 1 _aWalter, Mike
942 _n0
999 _c77974
_d77974